| 000 | 00779cam a22002413a 4500 | ||
|---|---|---|---|
| 001 | 847 | ||
| 003 | PGUSA | ||
| 005 | 20140828082953.0 | ||
| 008 | 060121s2006||||xxu|||||s|||||000 p eng d | ||
| 040 |
_aPGUSA _beng |
||
| 042 | _adc | ||
| 050 | 4 | _aPR | |
| 100 | 1 |
_aMacaulay, Thomas Babington Macaulay, Baron, _d1800-1859 |
|
| 245 | 1 | 0 |
_aLays of Ancient Rome _h[electronic resource] / _cThomas Babington Macaulay, Baron Macaulay |
| 260 |
_bProject Gutenberg, _c2006 |
||
| 505 | 0 | _aHoratius -- The Battle of the Lake Regillus -- Virginia -- The Prophecy of Capys. | |
| 506 | _aPublic domain in the USA. | ||
| 516 | _aElectronic text | ||
| 653 | _aRome -- History -- Poetry | ||
| 830 | 0 |
_aProject Gutenberg _v847 |
|
| 856 | 4 | 0 | _uhttp://www.gutenberg.org/ebooks/847 |
| 942 | _cEB | ||
| 999 |
_c230198 _d230198 |
||